[Event "BI-2016-F-0000"]
[Site "LSS email"]
[Date "2016.02.14"]
[Round "?"]
[White "Isaacson, David"]
[Black "Oliveira, Marcio B"]
[Result "1/2-1/2"]
[WhiteElo "2060"]
[BlackElo "2293"]
[PlyCount "87"]
[EventDate "2016.02.20"]
[EventType "tourn (corr)"]
[EventRounds "10"]
[EventCountry "GER"]
[SourceTitle "Corr 2022"]
[Source "ChessBase"]
[SourceDate "2021.10.24"]
[SourceVersion "1"]
[SourceVersionDate "2021.10.24"]
[SourceQuality "1"]

1. e4 c5 2. Nf3 d6 3. d4 Nf6 4. Nc3 cxd4 5. Nxd4 Nc6 6. Bg5 e6 7. Qd2 a6 8. 0-0-0 Bd7 9. f4 b5 10. Bxf6 gxf6 11. Nxc6 Bxc6 12. Qe1 Be7 13. f5 Rc8 14. Bd3 0-0 15. Qh4 Kh8 16. e5 Rg8 17. Rhe1 Bxg2 18. exd6 Qxd6 19. Bxb5 Qc5 20. Bxa6 Ra8 21. Bd3 Bf3 22. fxe6 f5 23. Qc4 Bxd1 24. exf7 Rg1 25. Qxc5 Bxc5 26. Kxd1 Rxe1+ 27. Kxe1 Kg7 28. Bxf5 Bb4 29. Be6 Ra6 30. Bb3 Bxc3+ 31. bxc3 Rh6 32. Ke2 Rxh2+ 33. Ke3 Rg2 34. a4 h5 35. a5 Rg5 36. a6 Ra5 37. Bc4 Kf8 38. Kf3 Ra3 39. Kg3 Rxc3+ 40. Bd3 Kxf7 41. Kh4 Rc5 42. a7 Ra5 43. a8Q Rxa8 44. Kxh5 1/2-1/2

[Event "BI-2016-F-0000"]
[Site "LSS email"]
[Date "2016.02.14"]
[Round "?"]
[White "Isaacson, David"]
[Black "Vergara Rodriguez, Jose Antonio"]
[Result "1/2-1/2"]
[WhiteElo "2060"]
[BlackElo "1761"]
[PlyCount "59"]
[EventDate "2016.02.20"]
[EventType "tourn (corr)"]
[EventRounds "10"]
[EventCountry "GER"]
[SourceTitle "Corr 2022"]
[Source "ChessBase"]
[SourceDate "2021.10.24"]
[SourceVersion "1"]
[SourceVersionDate "2021.10.24"]
[SourceQuality "1"]

1. e4 c5 2. Nf3 d6 3. d4 cxd4 4. Nxd4 Nf6 5. Nc3 a6 6. Bg5 e6 7. f4 Qb6 8. Qd2 Qxb2 9. Rb1 Qa3 10. f5 Nc6 11. fxe6 fxe6 12. Nxc6 bxc6 13. e5 dxe5 14. Bxf6 gxf6 15. Ne4 Be7 16. Be2 h5 17. Rb3 Qa4 18. Nxf6+ Bxf6 19. c4 Bh4+ 20. g3 Be7 21. 0-0 h4 22. Bd3 Rg8 23. Qf2 Kd7 24. Qb6 hxg3 25. Be2 gxh2+ 26. Kxh2 e4 27. Rd1+ Bd6+ 28. Rxd6+ Kxd6 29. Qd4+ Kc7 30. Qe5+ 1/2-1/2

[Event "BI-2016-F-0000"]
[Site "LSS email"]
[Date "2016.02.14"]
[Round "?"]
[White "Knoeppel, Bjoern"]
[Black "Isaacson, David"]
[Result "1-0"]
[WhiteElo "1923"]
[BlackElo "2060"]
[PlyCount "135"]
[EventDate "2016.02.20"]
[EventType "tourn (corr)"]
[EventRounds "10"]
[EventCountry "GER"]
[SourceTitle "Corr 2022"]
[Source "ChessBase"]
[SourceDate "2021.10.24"]
[SourceVersion "1"]
[SourceVersionDate "2021.10.24"]
[SourceQuality "1"]

1. e4 c5 2. Nc3 Nc6 3. f4 d6 4. Bb5 Bd7 5. Nf3 g6 6. 0-0 Bg7 7. d3 Nf6 8. e5 dxe5 9. Nxe5 0-0 10. Bxc6 Bxc6 11. Nxc6 bxc6 12. Kh1 Rb8 13. f5 Nd5 14. Na4 Qa5 15. c3 Rfd8 16. Bd2 c4 17. b4 Qb5 18. d4 gxf5 19. Nc5 a5 20. a4 Qb6 21. bxa5 Qxa5 22. Rxf5 Rb2 23. Rf3 Qa8 24. Bc1 Rbb8 25. Rh3 Qa5 26. Ne6 fxe6 27. Qh5 Qb6 28. Qxh7+ Kf7 29. Bh6 Ke8 30. Bxg7 Qb2 31. Re1 Nf4 32. Qe4 Nxh3 33. Qg6+ Kd7 34. Qxe6+ Kc7 35. Qxe7+ Kb6 36. Qc5+ Ka6 37. Qxc4+ Ka5 38. gxh3 Rdc8 39. Be5 Qd2 40. Qf1 Rb2 41. Bd6 c5 42. Re7 Ra8 43. Bc7+ Kxa4 44. Re1 Kb3 45. Bf4 Qc2 46. dxc5 Ra5 47. Qf3 Rxc5 48. Qb7+ Kc4 49. Qa6+ Rbb5 50. Bd6 Rd5 51. Qc6+ Kd3 52. Bg3 Rbc5 53. Qf6 Kc4 54. Bf2 Ra5 55. Bb6 Rab5 56. Qc6+ Kb3 57. c4 Qc3 58. Rb1+ Ka3 59. Qa8+ Ra5 60. Qf8+ Ka2 61. Bxa5 Rxa5 62. Rf1 Re5 63. Qa8+ Ra5 64. Rf2+ Ka3 65. Qf8+ Ka4 66. Qe8+ Ka3 67. Qe7+ Kb3 68. Qb7+ 1-0

[Event "CP-2015-Q-00004"]
[Site "LSS email"]
[Date "2015.12.02"]
[Round "?"]
[White "Isaacson, David"]
[Black "Moskalenko, Eduard"]
[Result "1/2-1/2"]
[WhiteElo "2061"]
[BlackElo "2247"]
[PlyCount "66"]
[EventDate "2015.12.08"]
[EventType "tourn (corr)"]
[EventRounds "6"]
[EventCountry "GER"]
[SourceTitle "Corr 2022"]
[Source "ChessBase"]
[SourceDate "2021.10.24"]
[SourceVersion "1"]
[SourceVersionDate "2021.10.24"]
[SourceQuality "1"]

1. e4 c5 2. Nf3 d6 3. d4 cxd4 4. Nxd4 Nf6 5. Nc3 a6 6. f3 e5 7. Nb3 Be6 8. Be3 Be7 9. Qd2 h5 10. 0-0-0 Nbd7 11. Kb1 Rc8 12. h3 b5 13. Bd3 0-0 14. g4 Nb6 15. Qf2 Na4 16. Ne2 Qc7 17. Ng3 h4 18. Nf5 Bxf5 19. exf5 Nd5 20. g5 Nxe3 21. Qxe3 d5 22. f6 Ba3 23. fxg7 Rfe8 24. g6 f6 25. Qh6 Qxg7 26. Qxg7+ Kxg7 27. bxa3 Nc3+ 28. Kb2 e4 29. Rd2 exd3 30. Rxd3 Na4+ 31. Kc1 Nc3 32. Kb2 Na4+ 33. Kc1 Nc3 1/2-1/2

[Event "CP-2015-Q-00004"]
[Site "LSS email"]
[Date "2015.12.02"]
[Round "?"]
[White "Isaacson, David"]
[Black "Wisham, Clyde"]
[Result "1/2-1/2"]
[WhiteElo "2061"]
[BlackElo "2046"]
[PlyCount "48"]
[EventDate "2015.12.08"]
[EventType "tourn (corr)"]
[EventRounds "6"]
[EventCountry "GER"]
[SourceTitle "Corr 2022"]
[Source "ChessBase"]
[SourceDate "2021.10.24"]
[SourceVersion "1"]
[SourceVersionDate "2021.10.24"]
[SourceQuality "1"]

1. e4 e6 2. d4 d5 3. Nc3 Bb4 4. e5 c5 5. a3 Bxc3+ 6. bxc3 Ne7 7. Qg4 Nf5 8. Bd3 h5 9. Qf4 Qc7 10. Bd2 Nc6 11. Bxf5 exf5 12. Nf3 Nd8 13. dxc5 Qxc5 14. Qg5 g6 15. 0-0 Ne6 16. Qf6 0-0 17. Bh6 Re8 18. Rfd1 Qe7 19. Rxd5 b6 20. Nd4 Kh7 21. Be3 Qxf6 22. exf6 g5 23. h4 Nxd4 24. cxd4 gxh4 1/2-1/2

[Event "BI-2015-P-0000"]
[Site "LSS email"]
[Date "2015.05.02"]
[Round "?"]
[White "Isaacson, David"]
[Black "Paetzold, Ortwin"]
[Result "0-1"]
[WhiteElo "2104"]
[BlackElo "1783"]
[PlyCount "42"]
[EventDate "2015.04.22"]
[EventType "tourn (corr)"]
[EventRounds "10"]
[EventCountry "GER"]
[SourceTitle "Corr 2022"]
[Source "ChessBase"]
[SourceDate "2021.10.24"]
[SourceVersion "1"]
[SourceVersionDate "2021.10.24"]
[SourceQuality "1"]

1. e4 c5 2. Nf3 d6 3. d4 cxd4 4. Nxd4 Nf6 5. Nc3 a6 6. Bg5 e6 7. f4 Qb6 8. Qd3 Qxb2 9. Rb1 Qa3 10. f5 Nc6 11. fxe6 fxe6 12. Nxc6 bxc6 13. Be2 Qa5 14. 0-0 Qxg5 15. Bf3 d5 16. Na4 Bd6 17. Qc3 0-0 18. Qxc6 Qe5 19. Qxa8 Qxh2+ 20. Kf2 Nxe4+ 21. Ke1 Qf4 0-1

[Event "BI-2015-P-0000"]
[Site "LSS email"]
[Date "2015.04.16"]
[Round "?"]
[White "Bormida, Adolfo"]
[Black "Isaacson, David"]
[Result "1-0"]
[WhiteElo "2378"]
[BlackElo "2104"]
[PlyCount "115"]
[EventDate "2015.04.22"]
[EventType "tourn (corr)"]
[EventRounds "10"]
[EventCountry "GER"]
[SourceTitle "Corr 2022"]
[Source "ChessBase"]
[SourceDate "2021.10.24"]
[SourceVersion "1"]
[SourceVersionDate "2021.10.24"]
[SourceQuality "1"]

1. d4 Nf6 2. c4 e6 3. g3 Bb4+ 4. Bd2 Bxd2+ 5. Qxd2 d5 6. Bg2 c6 7. Nf3 Nbd7 8. 0-0 0-0 9. Qc2 b6 10. Nbd2 Bb7 11. e4 dxe4 12. Nxe4 c5 13. Nd6 Bc6 14. Rad1 Qc7 15. d5 exd5 16. Nf5 Rae8 17. N3d4 cxd4 18. cxd5 Nc5 19. dxc6 d3 20. Qc3 a5 21. Rfe1 Rxe1+ 22. Rxe1 Re8 23. Rxe8+ Nxe8 24. Qd4 h6 25. a3 a4 26. f4 Kf8 27. Bf3 Kg8 28. Ne3 Nd6 29. Nd5 Qd8 30. c7 Qd7 31. Qe5 Nc8 32. Nxb6 Nxb6 33. Qxc5 Nc8 34. Qc6 Qe7 35. Kg2 Kf8 36. Bg4 f5 37. Bh5 d2 38. Kh3 g6 39. Qxg6 Qxc7 40. Qxf5+ Kg8 41. Qe6+ Kh8 42. Qe8+ Kh7 43. Qg6+ Kh8 44. Qxh6+ Kg8 45. Qe6+ Kg7 46. Qd5 Qd6 47. Qf7+ Kh8 48. Qe8+ Kh7 49. Qxc8 d1Q 50. Bxd1 Qxd1 51. Qf5+ Kh8 52. Qg5 Qf1+ 53. Kg4 Qe2+ 54. Kf5 Qc2+ 55. Ke6 Qc8+ 56. Kf7 Qc4+ 57. Kg6 Qg8+ 58. Kh5 1-0

[Event "BI-2015-P-0000"]
[Site "LSS email"]
[Date "2015.04.16"]
[Round "?"]
[White "Isaacson, David"]
[Black "Joensson, Paul"]
[Result "0-1"]
[WhiteElo "2104"]
[BlackElo "1932"]
[PlyCount "108"]
[EventDate "2015.04.22"]
[EventType "tourn (corr)"]
[EventRounds "10"]
[EventCountry "GER"]
[SourceTitle "Corr 2022"]
[Source "ChessBase"]
[SourceDate "2021.10.24"]
[SourceVersion "1"]
[SourceVersionDate "2021.10.24"]
[SourceQuality "1"]

1. e4 d6 2. d4 Nf6 3. Nc3 g6 4. Bg5 Bg7 5. Qd2 c6 6. f4 0-0 7. Nf3 d5 8. Bxf6 exf6 9. 0-0-0 dxe4 10. Nxe4 Re8 11. Re1 f5 12. Nc3 Be6 13. h4 Nd7 14. h5 Qc7 15. hxg6 hxg6 16. Ng5 Qd6 17. Rd1 Rad8 18. g3 Nb6 19. Qh2 Bd5 20. Bg2 Bxg2 21. Qxg2 Nc4 22. Rd3 Qb4 23. Nd1 Qa5 24. a3 Rxd4 25. Rh8+ Bxh8 26. Qh1 Bg7 27. Rxd4 Re2 28. Rxc4 Qd2+ 29. Kb1 Re1 30. Rd4 Rxd1+ 31. Qxd1 Qxd4 32. Qc1 Bf6 33. Nf3 Qf2 34. Ne1 Qxg3 35. Nd3 Bd4 36. Qd2 c5 37. Qa5 Qf3 38. Qa4 Kg7 39. Qc4 b6 40. Ka2 Qe4 41. Qa6 Qe6+ 42. Kb1 c4 43. Nb4 Be3 44. Qxa7 Bxf4 45. Qa8 Qe4 46. Qd8 Be5 47. Qe8 c3 48. Nd3 Bf6 49. Qc8 cxb2 50. Nxb2 Qd4 51. c3 Qe4+ 52. Ka2 Qc2 53. Qc6 Bxc3 54. Qxb6 f4 0-1

[Event "BI-2015-P-0000"]
[Site "LSS email"]
[Date "2015.04.16"]
[Round "?"]
[White "Isaacson, David"]
[Black "Pirttimaeki, Mika"]
[Result "1-0"]
[WhiteElo "2104"]
[BlackElo "1188"]
[PlyCount "45"]
[EventDate "2015.04.22"]
[EventType "tourn (corr)"]
[EventRounds "10"]
[EventCountry "GER"]
[SourceTitle "Corr 2022"]
[Source "ChessBase"]
[SourceDate "2021.10.24"]
[SourceVersion "1"]
[SourceVersionDate "2021.10.24"]
[SourceQuality "1"]

1. e4 d5 2. exd5 Qxd5 3. Nc3 Qa5 4. d4 c6 5. Bc4 e6 6. Nf3 Nf6 7. 0-0 Bd6 8. Bd2 Qc7 9. a4 0-0 10. Re1 a5 11. Qe2 Na6 12. Ne4 Nxe4 13. Qxe4 Nb4 14. Bxb4 Bxb4 15. c3 Bd6 16. Ng5 g6 17. Qh4 Kg7 18. Qxh7+ Kf6 19. Ne4+ Ke7 20. Qh4+ f6 21. Nc5 Bxc5 22. dxc5 g5 23. Qh3 1-0

[Event "BI-2015-P-0000"]
[Site "LSS email"]
[Date "2015.04.16"]
[Round "?"]
[White "Sandocal, Uzmir"]
[Black "Isaacson, David"]
[Result "1/2-1/2"]
[WhiteElo "1822"]
[BlackElo "2104"]
[PlyCount "95"]
[EventDate "2015.04.22"]
[EventType "tourn (corr)"]
[EventRounds "10"]
[EventCountry "GER"]
[SourceTitle "Corr 2022"]
[Source "ChessBase"]
[SourceDate "2021.10.24"]
[SourceVersion "1"]
[SourceVersionDate "2021.10.24"]
[SourceQuality "1"]

1. d4 Nf6 2. d5 c6 3. Nc3 g6 4. e4 d6 5. Nf3 Bg7 6. Be2 0-0 7. 0-0 cxd5 8. exd5 Nbd7 9. Be3 Nc5 10. Re1 Bd7 11. a4 Rc8 12. Bd4 a5 13. Nd2 Re8 14. Nc4 b6 15. h4 h5 16. Bf3 Nxa4 17. Rxa4 Bxa4 18. Nxb6 Rxc3 19. bxc3 Bd7 20. Qa1 Bf5 21. Nc4 Qc7 22. Ne3 Bd7 23. c4 a4 24. c5 dxc5 25. Be5 Qa5 26. Rd1 Bf8 27. d6 Ng4 28. Bxg4 Bxg4 29. Nxg4 hxg4 30. d7 Rd8 31. h5 gxh5 32. Rd5 a3 33. Bc3 Qa6 34. Rg5+ Kh7 35. Qe1 Qe6 36. Re5 Qg6 37. Rxe7 Bg7 38. Ba5 a2 39. Bxd8 g3 40. fxg3 a1Q 41. Qxa1 Bxa1 42. Bc7 Qxc2 43. Rxf7+ Kg6 44. Rf1 Bd4+ 45. Kh2 Qd3 46. d8Q Qxf1 47. Qg8+ Bg7 48. Qe8+ 1/2-1/2

[Event "CP-2014-Q-00014"]
[Site "LSS email"]
[Date "2014.12.02"]
[Round "?"]
[White "Isaacson, David"]
[Black "Abbey, William"]
[Result "1/2-1/2"]
[WhiteElo "2063"]
[BlackElo "2137"]
[PlyCount "88"]
[EventDate "2014.12.08"]
[EventType "tourn (corr)"]
[EventRounds "6"]
[EventCountry "GER"]
[SourceTitle "Corr 2022"]
[Source "ChessBase"]
[SourceDate "2021.10.24"]
[SourceVersion "1"]
[SourceVersionDate "2021.10.24"]
[SourceQuality "1"]

1. e4 c5 2. Nf3 Nc6 3. Bb5 g6 4. Bxc6 bxc6 5. 0-0 Bg7 6. Re1 Nh6 7. c3 0-0 8. d4 cxd4 9. cxd4 d5 10. e5 f6 11. e6 Qd6 12. Qe2 Nf5 13. g4 Nh6 14. h3 g5 15. Nc3 Rb8 16. Kh1 f5 17. Nxg5 fxg4 18. Qc2 Rf5 19. Rg1 Bxe6 20. hxg4 Rxg5 21. Bxg5 Bxg4 22. Rg3 Bh5 23. Rag1 Bg6 24. Qd2 Nf5 25. Rg4 Qe6 26. Bf4 Rb4 27. Re1 Qf7 28. Be5 Bh5 29. Rg5 h6 30. Rxg7+ Nxg7 31. Qxh6 Rxb2 32. Qxg7+ Qxg7 33. Bxg7 Kxg7 34. Rxe7+ Bf7 35. Re2 Rb4 36. Rd2 Bh5 37. Kg2 Rc4 38. Nd1 Bxd1 39. Rxd1 Kf6 40. Rd3 Kf5 41. Kf3 Ra4 42. a3 Rc4 43. Ke3 a5 44. f3 Rc2 1/2-1/2

[Event "CP-2014-Q-00014"]
[Site "LSS email"]
[Date "2014.12.02"]
[Round "?"]
[White "Isaacson, David"]
[Black "Helmer, Janos"]
[Result "1/2-1/2"]
[WhiteElo "2063"]
[BlackElo "2129"]
[PlyCount "74"]
[EventDate "2014.12.08"]
[EventType "tourn (corr)"]
[EventRounds "6"]
[EventCountry "GER"]
[SourceTitle "Corr 2022"]
[Source "ChessBase"]
[SourceDate "2021.10.24"]
[SourceVersion "1"]
[SourceVersionDate "2021.10.24"]
[SourceQuality "1"]

1. e4 e5 2. Nf3 Nc6 3. Bb5 a6 4. Ba4 Nf6 5. d3 d6 6. c3 Be7 7. 0-0 Bd7 8. Re1 0-0 9. Nbd2 Re8 10. Bc2 Bf8 11. Nf1 g6 12. Ng3 Bg7 13. h3 Qe7 14. d4 Rad8 15. d5 Nb8 16. Be3 c6 17. Qd2 cxd5 18. exd5 Rc8 19. a4 Qd8 20. a5 Bb5 21. Bb6 Qd7 22. b3 e4 23. Nh2 Bd3 24. Bxd3 exd3 25. Qxd3 Qb5 26. c4 Qb4 27. Nf3 Rxe1+ 28. Rxe1 Nbd7 29. Bd4 Qxa5 30. Re7 Qd8 31. Qe2 Ne8 32. Bxg7 Nxg7 33. Qe3 Rc7 34. Ng5 Nf6 35. Rxc7 Qxc7 36. Qd4 Nge8 37. N3e4 Qe7 1/2-1/2

[Event "CP-2014-P-00031"]
[Site "LSS email"]
[Date "2014.09.30"]
[Round "?"]
[White "Isaacson, David"]
[Black "Schubert, Steffen"]
[Result "1/2-1/2"]
[WhiteElo "2063"]
[BlackElo "2057"]
[PlyCount "40"]
[EventDate "2014.10.01"]
[EventType "tourn (corr)"]
[EventRounds "6"]
[EventCountry "GER"]
[SourceTitle "Corr 2022"]
[Source "ChessBase"]
[SourceDate "2021.10.24"]
[SourceVersion "1"]
[SourceVersionDate "2021.10.24"]
[SourceQuality "1"]

1. e4 e5 2. Nf3 Nf6 3. Nxe5 d6 4. Nf3 Nxe4 5. d4 d5 6. Bd3 Be7 7. 0-0 Nc6 8. c4 Nb4 9. Be2 Be6 10. Nc3 0-0 11. Be3 Bf5 12. Rc1 dxc4 13. Bxc4 c6 14. Ne5 Nxc3 15. bxc3 Nd5 16. Qf3 Be6 17. Bd2 Re8 18. Rfe1 Bg5 19. Qd1 Bxd2 20. Qxd2 Qa5 1/2-1/2

[Event "CP-2013-P-00038"]
[Site "LSS email"]
[Date "2013.09.30"]
[Round "?"]
[White "Cabrera Trujillo, Claudio Tomas"]
[Black "Isaacson, David"]
[Result "0-1"]
[WhiteElo "994"]
[BlackElo "2024"]
[PlyCount "44"]
[EventDate "2013.10.01"]
[EventType "tourn (corr)"]
[EventRounds "6"]
[EventCountry "GER"]
[SourceTitle "Corr 2015"]
[Source "ChessBase"]
[SourceDate "2015.07.17"]
[SourceVersion "1"]
[SourceVersionDate "2015.07.17"]
[SourceQuality "1"]

1. c4 e5 2. Nc3 Nc6 3. Nf3 Nf6 4. d4 exd4 5. Nxd4 Bb4 6. Nxc6 Bxc3+ 7. bxc3 bxc6 8. Bg5 0-0 9. Qd4 Re8 10. e3 d6 11. Be2 Re6 12. Bf3 c5 13. Qh4 Rb8 14. Bd5 h6 15. Bxf6 Rxf6 16. 0-0 Bf5 17. e4 Bd7 18. e5 dxe5 19. Rfe1 Rb2 20. Rxe5 Rbxf2 21. Bf3 R2xf3 22. gxf3 Rg6+ 0-1

[Event "CP-2013-P-00038"]
[Site "LSS email"]
[Date "2013.09.30"]
[Round "?"]
[White "Szczepankiewicz, Dariusz"]
[Black "Isaacson, David"]
[Result "1/2-1/2"]
[WhiteElo "2429"]
[BlackElo "2024"]
[PlyCount "111"]
[EventDate "2013.10.01"]
[EventType "tourn (corr)"]
[EventRounds "6"]
[EventCountry "GER"]
[SourceTitle "Corr 2015"]
[Source "ChessBase"]
[SourceDate "2015.07.17"]
[SourceVersion "1"]
[SourceVersionDate "2015.07.17"]
[SourceQuality "1"]

1. e4 c5 2. Nf3 d6 3. d4 cxd4 4. Nxd4 Nf6 5. Nc3 a6 6. Be3 e6 7. f3 b5 8. g4 h6 9. Qd2 Nbd7 10. 0-0-0 b4 11. Nce2 Qc7 12. h4 d5 13. Bf4 e5 14. Bh2 dxe4 15. g5 hxg5 16. hxg5 Rxh2 17. Rxh2 exd4 18. Rh8 Nd5 19. Qxd4 Bb7 20. fxe4 N5b6 21. Qxb4 0-0-0 22. Qd4 Qc5 23. g6 fxg6 24. Qd3 Kb8 25. Bh3 Ka7 26. Kb1 Rc8 27. Nd4 Qe5 28. Qe3 Qxe4 29. Qxe4 Bxe4 30. a4 Rb8 31. Re1 Bb4 32. Rxe4 Rxh8 33. Bxd7 Nxd7 34. Nc6+ Kb6 35. Nxb4 Nc5 36. Rg4 Rh6 37. Nd3 Ne6 38. Nf4 Nxf4 39. Rxf4 g5 40. Rg4 Rh4 41. Rxg5 Rxa4 42. Rxg7 a5 43. c3 Rh4 44. Ka2 Ra4+ 45. Kb3 Rh4 46. Ka3 Rh3 47. Rg1 Kb5 48. Rc1 Re3 49. b3 Ka6 50. c4 Re6 51. Rf1 Rb6 52. Rf5 Rb4 53. Rf8 Kb7 54. Rf6 Ka7 55. Rf7+ Ka6 56. Rh7 1/2-1/2

[Event "CP-2012-P-00019"]
[Site "LSS email"]
[Date "2012.10.01"]
[Round "?"]
[White "Isaacson, David"]
[Black "Lipsits, Sasha"]
[Result "1/2-1/2"]
[WhiteElo "2074"]
[BlackElo "1748"]
[PlyCount "72"]
[EventDate "2012.10.05"]
[EventType "tourn (corr)"]
[EventRounds "6"]
[EventCountry "GER"]
[SourceTitle "Corr 2022"]
[Source "ChessBase"]
[SourceDate "2021.10.24"]
[SourceVersion "1"]
[SourceVersionDate "2021.10.24"]
[SourceQuality "1"]

1. e4 e5 2. Nf3 Nc6 3. Bb5 Nf6 4. 0-0 Nxe4 5. d4 Nd6 6. Bxc6 dxc6 7. dxe5 Nf5 8. Qxd8+ Kxd8 9. Nc3 Ke8 10. h3 Be7 11. g4 Nh4 12. Nxh4 Bxh4 13. Rd1 h5 14. f3 b6 15. Kg2 Bb7 16. a4 Rd8 17. Bf4 Rd7 18. a5 Rxd1 19. Rxd1 hxg4 20. hxg4 Bd8 21. Ne4 c5 22. Nc3 a6 23. Nd5 g5 24. Be3 Bxd5 25. Rxd5 Be7 26. b3 Rh6 27. f4 gxf4 28. Bxf4 Rg6 29. axb6 cxb6 30. Kf3 c4 31. Bd2 Rc6 32. Ke4 cxb3 33. cxb3 Bd8 34. g5 a5 35. Kf5 Ke7 36. Rd3 b5 1/2-1/2

[Event "CP-2010-Q-00014"]
[Site "LSS email"]
[Date "2012.01.15"]
[Round "?"]
[White "Kriksciunas, Bronislavas"]
[Black "Isaacson, David"]
[Result "1-0"]
[WhiteElo "2192"]
[BlackElo "2013"]
[PlyCount "127"]
[EventDate "2012.01.20"]
[EventType "tourn (corr)"]
[EventRounds "6"]
[EventCountry "GER"]
[SourceTitle "Telechess CBM 159"]
[Source "ChessBase"]
[SourceDate "2014.03.17"]
[SourceVersion "1"]
[SourceVersionDate "2014.03.17"]
[SourceQuality "1"]

1. Nf3 Nf6 2. c4 e6 3. Nc3 c5 4. g3 b6 5. Bg2 Bb7 6. 0-0 Be7 7. Re1 Ne4 8. Nxe4 Bxe4 9. d3 Bb7 10. e4 0-0 11. d4 cxd4 12. Nxd4 a6 13. Bf4 Qc8 14. Nf3 Qc5 15. Qb3 Rc8 16. Rac1 Qb4 17. Qc2 b5 18. a3 Qa5 19. Qb3 Bc5 20. cxb5 axb5 21. Ne5 d6 22. Nxf7 Kxf7 23. Qf3 Kg8 24. Bh3 Re8 25. b4 Qxa3 26. Qxa3 Rxa3 27. bxc5 e5 28. Be3 dxc5 29. Rxc5 Bxe4 30. Bc1 Ra4 31. Bf1 Nd7 32. Rc7 Bf5 33. Bxb5 Rd4 34. f4 e4 35. Be3 Rd6 36. Bc5 Rd2 37. Bb4 Rb2 38. Rd1 e3 39. Bc4+ Kh8 40. Bc3 e2 41. Re1 Rb1 42. Rxb1 Bxb1 43. Bxe2 Nf6 44. Bc4 h6 45. g4 Rd8 46. h3 Be4 47. g5 hxg5 48. fxg5 Ne8 49. Rf7 Kh7 50. Re7 Bg6 51. Be6 Ra8 52. Kf2 Ra4 53. Bb2 Kh8 54. Kf3 Bh5+ 55. Ke3 Bg6 56. Bd7 Ra8 57. Kf4 Kg8 58. Bxe8 Bxe8 59. Rxg7+ Kf8 60. g6 Ra2 61. Bf6 Rg2 62. Kf5 Bb5 63. Bd4 Rg3 64. Kf4 1-0

[Event "CP-2011-P-00026"]
[Site "LSS email"]
[Date "2011.09.30"]
[Round "?"]
[White "Nemchenko, Valery Petrovich"]
[Black "Isaacson, David"]
[Result "1-0"]
[WhiteElo "2290"]
[BlackElo "2037"]
[PlyCount "91"]
[EventDate "2011.10.01"]
[EventType "tourn (corr)"]
[EventRounds "6"]
[EventCountry "GER"]
[SourceTitle "Telechess CBM 165"]
[Source "ChessBase"]
[SourceDate "2015.03.11"]
[SourceVersion "1"]
[SourceVersionDate "2015.03.11"]
[SourceQuality "1"]

1. d4 Nf6 2. c4 g6 3. Nc3 Bg7 4. e4 d6 5. Bd3 0-0 6. Nge2 c5 7. d5 e6 8. 0-0 exd5 9. cxd5 b6 10. Ng3 Ba6 11. Bg5 Bxd3 12. Qxd3 h6 13. Bf4 Ng4 14. Nge2 Ne5 15. Bxe5 dxe5 16. Rfd1 a6 17. Nb1 f5 18. a4 Ra7 19. Nec3 Kh7 20. Qe2 Nd7 21. Qc2 Kh8 22. Na3 Nf6 23. exf5 gxf5 24. Qxf5 Rd7 25. Nc4 Nxd5 26. Qh3 Rff7 27. Nxd5 Rxd5 28. Rxd5 Qxd5 29. Nxb6 Qd4 30. Rf1 e4 31. Qb3 Rf8 32. Nc4 Qd5 33. Qc2 Bd4 34. Ne3 Qe6 35. Re1 Rb8 36. Nd1 Re8 37. Qd2 Rg8 38. g3 Re8 39. b4 Kg8 40. bxc5 Bxc5 41. Ne3 Kh7 42. Rc1 Bb6 43. Rb1 Rf8 44. a5 Bxe3 45. Qxe3 Qd5 46. Rb6 1-0

[Event "CP-2010-P-00031"]
[Site "LSS email"]
[Date "2010.09.28"]
[Round "?"]
[White "Poblete, Litos"]
[Black "Isaacson, David"]
[Result "1/2-1/2"]
[WhiteElo "1743"]
[BlackElo "2080"]
[PlyCount "98"]
[EventDate "2010.10.01"]
[EventType "tourn (corr)"]
[EventRounds "6"]
[EventCountry "GER"]
[SourceTitle "Telechess CBM 147"]
[Source "ChessBase"]
[SourceDate "2012.03.16"]
[SourceVersion "1"]
[SourceVersionDate "2012.03.16"]
[SourceQuality "1"]

1. d4 Nf6 2. c4 e6 3. Nf3 Bb4+ 4. Bd2 Qe7 5. Nc3 Nc6 6. e3 Bxc3 7. Bxc3 Ne4 8. Qc2 Nxc3 9. Qxc3 0-0 10. Bd3 d6 11. 0-0 e5 12. dxe5 Nxe5 13. Nxe5 dxe5 14. Be4 c6 15. Rad1 Bg4 16. f3 Bh5 17. Qc2 Bg6 18. Bxg6 hxg6 19. Rf2 Rad8 20. Rfd2 Rxd2 21. Qxd2 e4 22. f4 Qe6 23. Qd4 a5 24. Rd2 b5 25. cxb5 cxb5 26. Qd5 Qc8 27. Kf1 Qc1+ 28. Ke2 Qh1 29. Qxe4 Qxh2 30. Qd5 Re8 31. Kf3 Qg1 32. e4 Qf1+ 33. Rf2 Qb1 34. e5 g5 35. Qxb5 Qd1+ 36. Qe2 Qd5+ 37. Qe4 g4+ 38. Ke3 Qxa2 39. Rd2 Qb3+ 40. Qd3 Qb6+ 41. Qd4 Qh6 42. Qd5 Qh4 43. Ke2 Qg3 44. Qc6 Rb8 45. Qe4 a4 46. e6 fxe6 47. Qxe6+ Kh8 48. Qe4 Qh2 49. Kf2 Qh4+ 1/2-1/2

[Event "LSS ZL-2009-0-00549"]
[Site "LSS email"]
[Date "2009.07.08"]
[Round "?"]
[White "Isaacson, David"]
[Black "Isaacson, Leon"]
[Result "1-0"]
[WhiteElo "2122"]
[BlackElo "800"]
[PlyCount "43"]
[EventDate "2009.06.28"]
[EventType "match (corr)"]
[EventRounds "2"]
[EventCountry "GER"]
[SourceTitle "Corr 2011"]
[Source "ChessBase"]
[SourceDate "2010.08.31"]
[SourceVersion "1"]
[SourceVersionDate "2010.08.31"]
[SourceQuality "1"]

1. d4 d5 2. c4 e5 3. dxe5 d4 4. Nf3 c5 5. e3 Nc6 6. exd4 Nxd4 7. Nc3 Bg4 8. Be2 Nxf3+ 9. Bxf3 Qxd1+ 10. Bxd1 Bxd1 11. Kxd1 0-0-0+ 12. Kc2 Ne7 13. Bg5 h6 14. Bxe7 Bxe7 15. Nd5 Rhe8 16. Rhe1 g5 17. Re4 Bf8 18. Rae1 Bg7 19. e6 fxe6 20. Rxe6 Rxe6 21. Rxe6 Kd7 22. Re7+ 1-0

[Event "LSS OP-2009-0-00846"]
[Site "LSS email"]
[Date "2009.05.14"]
[Round "?"]
[White "Isaacson, David"]
[Black "Do Amaral, Rogerio Einloft"]
[Result "1-0"]
[WhiteElo "2131"]
[BlackElo "1970"]
[PlyCount "43"]
[EventDate "2009.05.10"]
[EventType "tourn (corr)"]
[EventRounds "4"]
[EventCountry "GER"]
[SourceTitle "Corr 2011"]
[Source "ChessBase"]
[SourceDate "2010.08.31"]
[SourceVersion "1"]
[SourceVersionDate "2010.08.31"]
[SourceQuality "1"]

1. e4 c6 2. d4 d5 3. e5 Bf5 4. Nc3 e6 5. g4 Bg6 6. Nge2 c5 7. h4 cxd4 8. Nxd4 h5 9. f4 hxg4 10. Bb5+ Nd7 11. f5 Rxh4 12. Rf1 exf5 13. e6 fxe6 14. Nxe6 Qe7 15. Qe2 Kf7 16. Ng5+ Ke8 17. Be3 Ngf6 18. 0-0-0 Rd8 19. Qd3 a6 20. Rfe1 axb5 21. Bf4 Nc5 22. Qxb5+ 1-0